[Event "AUT-chT2O 2223"]
[Site "Austria"]
[Date "2023.01.22"]
[Round "7.1"]
[White "Bonk, Andras"]
[Black "Juhasz, Armin"]
[Result "1/2-1/2"]
[WhiteElo "2176"]
[BlackElo "2389"]
[PlyCount "109"]
[EventDate "2022.10.15"]
[EventType "team-tourn"]
[EventRounds "11"]
[EventCountry "AUT"]
[SourceTitle "CBM 213 Extra"]
[Source "ChessBase"]
[SourceDate "2023.05.31"]
[SourceVersion "1"]
[SourceVersionDate "2023.05.31"]
[SourceQuality "1"]
[WhiteTeam "Kottingbrunn"]
[BlackTeam "Bad Voeslau"]
[WhiteTeamCountry "AUT"]
[BlackTeamCountry "AUT"]

1. e4 c6 2. d4 d5 3. e5 c5 4. c3 Nc6 5. dxc5 Nxe5 6. Bb5+ Nc6 7. Nf3 Nf6 8. 0-0 e6 9. b4 Be7 10. Ne5 Bd7 11. Nxd7 Qxd7 12. a4 0-0 13. Nd2 Rfd8 14. Nf3 Qc7 15. Qb3 e5 16. Re1 e4 17. Nd4 Ng4 18. g3 Bf6 19. Bf4 Be5 20. Be2 Nf6 21. Be3 Qc8 22. b5 Ne7 23. Qb4 Nf5 24. Nxf5 Qxf5 25. Rad1 h6 26. Rd2 Rd7 27. Red1 Rad8 28. a5 Qe6 29. c6 bxc6 30. b6 axb6 31. Bxb6 Rb8 32. Qc5 Re7 33. Qe3 Nd7 34. c4 Nxb6 35. axb6 d4 36. Qxe4 Rxb6 37. c5 Rb8 38. Bd3 g6 39. Qh4 Kg7 40. Re2 Qf6 41. Qe4 Rbe8 42. Qg2 Bb8 43. Re4 Ba7 44. Rf4 Re1+ 45. Bf1 Qxf4 46. Rxe1 Qb8 47. Rd1 Re6 48. Rxd4 Bxc5 49. Rf4 Bd6 50. Rc4 c5 51. Qd5 Qb2 52. Bd3 Qb3 53. Rxc5 Qd1+ 54. Bf1 Qxd5 55. Rxd5 1/2-1/2

[Event "AUT-chT2O 2122"]
[Site "Austria"]
[Date "2022.01.15"]
[Round "3.3"]
[White "Pechac, Jergus"]
[Black "Juhasz, Armin"]
[Result "1-0"]
[WhiteElo "2544"]
[BlackElo "2377"]
[PlyCount "103"]
[EventDate "2021.10.16"]
[EventType "team-tourn"]
[EventRounds "11"]
[EventCountry "AUT"]
[SourceTitle "EXT 2023"]
[Source "ChessBase"]
[SourceDate "2022.10.05"]
[SourceVersion "1"]
[SourceVersionDate "2022.10.05"]
[SourceQuality "1"]
[WhiteTeam "Mistelbach/Altlichtenwarth"]
[BlackTeam "Bad Voeslau"]
[WhiteTeamCountry "AUT"]
[BlackTeamCountry "AUT"]

1. d4 Nf6 2. Nf3 d5 3. Bf4 c5 4. e3 Nc6 5. Nbd2 Bg4 6. c3 e6 7. Qb3 Qc8 8. Nh4 Be7 9. h3 Bh5 10. g4 Bg6 11. Nxg6 hxg6 12. Bg2 Qd7 13. dxc5 Bxc5 14. 0-0-0 Bd6 15. Bxd6 Qxd6 16. g5 Nd7 17. Qxb7 Nb6 18. Nc4 Qd7 19. Qxd7+ Nxd7 20. Kb1 Ke7 21. Na3 Nb6 22. c4 Nb4 23. Rd4 e5 24. Rd2 Rad8 25. cxd5 N4xd5 26. Rhd1 Nb4 27. Nb5 Rxd2 28. Rxd2 a6 29. Na7 Ke6 30. a3 N4d5 31. Nc6 f6 32. a4 Nc7 33. a5 Nbd5 34. e4 Nf4 35. Bf1 fxg5 36. Bc4+ Kf6 37. Rd6+ Nfe6 38. Bxe6 Nxe6 39. Nb4 Kf7 40. Rxa6 Nc5 41. Ra7+ Ke6 42. f3 Rxh3 43. Rc7 Nb3 44. a6 Rxf3 45. a7 Rf8 46. Rb7 g4 47. Rb8 g3 48. a8Q Rf1+ 49. Kc2 Nd4+ 50. Kc3 g2 51. Rb6+ Kf7 52. Qd5+ 1-0

[Event "BL2-Sued 1920"]
[Site "Germany"]
[Date "2019.11.23"]
[Round "3.5"]
[White "Poetsch, Hagen"]
[Black "Juhasz, Armin"]
[Result "1-0"]
[WhiteElo "2516"]
[BlackElo "2387"]
[PlyCount "91"]
[EventDate "2019.10.19"]
[EventType "team-tourn"]
[EventRounds "11"]
[EventCountry "GER"]
[SourceTitle "CBM 194 Extra"]
[Source "ChessBase"]
[SourceDate "2020.03.31"]
[SourceVersion "1"]
[SourceVersionDate "2020.03.31"]
[SourceQuality "1"]
[WhiteTeam "Heusenstamm"]
[BlackTeam "Eppingen"]
[WhiteTeamCountry "GER"]
[BlackTeamCountry "GER"]

1. e4 c6 2. Nc3 d5 3. Nf3 Bg4 4. h3 Bxf3 5. Qxf3 e6 6. g3 Nf6 7. Bg2 dxe4 8. Nxe4 Nxe4 9. Qxe4 Qd5 10. d4 Nd7 11. 0-0 Qxe4 12. Bxe4 Nf6 13. Bf3 0-0-0 14. Rd1 Bd6 15. Be3 Nd5 16. Bd2 Rhe8 17. c4 Nf6 18. Be3 e5 19. d5 c5 20. b4 b6 21. bxc5 bxc5 22. Rab1 Rd7 23. Rb5 Rc7 24. Rdb1 Kd7 25. Bd2 Ra8 26. Ba5 Rcc8 27. g4 h6 28. h4 g5 29. hxg5 hxg5 30. Rb7+ Ke8 31. Bd2 Nd7 32. Bxg5 Nb6 33. Be2 Rcb8 34. Rxb8+ Rxb8 35. Rb5 Kd7 36. Be3 Rc8 37. Ra5 Rc7 38. Kg2 Ke7 39. Kf3 Nd7 40. Ke4 f6 41. Kf5 Kf7 42. g5 Be7 43. Ra6 Nb6 44. gxf6 Bxf6 45. d6 Rd7 46. Bxc5 1-0

[Event "AUT-chT 1920"]
[Site "Austria"]
[Date "2019.10.11"]
[Round "2.2"]
[White "Juhasz, Armin"]
[Black "Wagner, Dennis"]
[Result "1/2-1/2"]
[WhiteElo "2387"]
[BlackElo "2565"]
[PlyCount "120"]
[EventDate "2019.10.10"]
[EventType "team-tourn"]
[EventRounds "11"]
[EventCountry "AUT"]
[SourceTitle "EXT 2020"]
[Source "ChessBase"]
[SourceDate "2019.10.17"]
[SourceVersion "1"]
[SourceVersionDate "2019.10.17"]
[SourceQuality "1"]
[WhiteTeam "Bad Voeslau"]
[BlackTeam "Jenbach"]
[WhiteTeamCountry "AUT"]
[BlackTeamCountry "AUT"]

1. d4 Nf6 2. c4 e6 3. Nf3 d5 4. Nc3 Bb4 5. Bg5 h6 6. Bxf6 Qxf6 7. e3 0-0 8. Qb3 c5 9. dxc5 Bxc3+ 10. Qxc3 Qxc3+ 11. bxc3 dxc4 12. Bxc4 Nd7 13. c6 bxc6 14. 0-0 Nb6 15. Be2 c5 16. Ne5 Bb7 17. Rfd1 Rfd8 18. Bb5 Rac8 19. Nc4 Nxc4 20. Bxc4 Be4 21. Kf1 g5 22. f3 Bc2 23. Rxd8+ Rxd8 24. Ke2 Rb8 25. Kd2 Bg6 26. Kc1 Kg7 27. Bb3 Bd3 28. Bc2 Bc4 29. Rb1 Rb6 30. Rxb6 axb6 31. a3 Kf6 32. Kd2 Ke5 33. g3 Kd6 34. f4 f6 35. Be4 Bd5 36. Bg6 Bc6 37. Kd3 Bb5+ 38. Kd2 e5 39. Bf7 Bf1 40. Ke1 Bg2 41. Kd2 Be4 42. Bc4 Kc6 43. fxe5 fxe5 44. Bd3 Bf3 45. Bc4 Bd5 46. Bd3 Be6 47. Be4+ Kb5 48. Kc2 Kc4 49. Bg6 Kd5 50. Kd3 Bg8 51. Bf5 Bf7 52. Bh7 Be8 53. Bg8+ Kd6 54. Bh7 Bb5+ 55. Ke4 Ba4 56. Kd3 Bc6 57. Bf5 Bg2 58. Bg6 Bd5 59. Bf5 Ba2 60. Kc2 Bd5 1/2-1/2

[Event "La Palma 1st"]
[Site "Brena Baja"]
[Date "2019.04.01"]
[Round "8"]
[White "Juhasz, Armin"]
[Black "Ladron de Guevara Pinto, Paolo"]
[Result "1/2-1/2"]
[WhiteElo "2375"]
[BlackElo "2429"]
[PlyCount "60"]
[EventDate "2019.03.29"]
[EventType "tourn"]
[EventRounds "9"]
[EventCountry "ESP"]
[EventCategory "6"]
[SourceTitle "CBM 189 Extra"]
[Source "ChessBase"]
[SourceDate "2019.06.03"]
[SourceVersion "1"]
[SourceVersionDate "2019.06.03"]
[SourceQuality "1"]

1. Nf3 Nf6 2. c4 g6 3. Nc3 Bg7 4. e4 d6 5. d4 0-0 6. Be2 e5 7. 0-0 Nc6 8. dxe5 dxe5 9. Bg5 Qxd1 10. Rfxd1 Bg4 11. h3 Bxf3 12. Bxf3 Nd4 13. Nd5 Nxd5 14. cxd5 f5 15. Be3 f4 16. Bxd4 exd4 17. Rac1 Be5 18. Bg4 Kf7 19. Rd3 Ke7 20. Rb3 Rab8 21. Rc4 h5 22. Be2 Rf6 23. Ra4 Rb6 24. Rxa7 Rxb3 25. axb3 Kd6 26. Kf1 Bf6 27. Bd3 Be5 28. Ke2 g5 29. f3 Bf6 30. Bc4 Be5 1/2-1/2

[Event "AUT-chT2O 1819"]
[Site "Austria"]
[Date "2019.03.09"]
[Round "8.4"]
[White "Juhasz, Armin"]
[Black "Ly, Dominik"]
[Result "1-0"]
[WhiteElo "2365"]
[BlackElo "2238"]
[PlyCount "89"]
[EventDate "2018.10.06"]
[EventType "team-tourn"]
[EventRounds "11"]
[EventCountry "AUT"]
[SourceTitle "CBM 189 Extra"]
[Source "ChessBase"]
[SourceDate "2019.06.03"]
[SourceVersion "1"]
[SourceVersionDate "2019.06.03"]
[SourceQuality "1"]
[WhiteTeam "Bad Voeslau"]
[BlackTeam "Baden Invest"]
[WhiteTeamCountry "AUT"]
[BlackTeamCountry "AUT"]

1. d4 d5 2. c4 e6 3. Nc3 Nf6 4. Bg5 Be7 5. e3 0-0 6. Rc1 b6 7. Nf3 Bb7 8. cxd5 exd5 9. Bd3 Ne4 10. Bxe7 Qxe7 11. 0-0 Nd7 12. Qa4 c5 13. dxc5 bxc5 14. Bxe4 dxe4 15. Nd2 Rfe8 16. Rfd1 Qe6 17. Qb3 Nb6 18. Qxe6 Rxe6 19. Nb3 Re5 20. Na5 Ba6 21. Rd6 Bd3 22. f4 Ree8 23. b3 Rac8 24. Nd5 c4 25. Nxb6 axb6 26. Rxb6 cxb3 27. Rxc8 Rxc8 28. Nxb3 g6 29. a4 Bc2 30. a5 Bxb3 31. Rxb3 Rc1+ 32. Kf2 Ra1 33. Rb5 Ra2+ 34. Kg3 Ra3 35. f5 gxf5 36. Kf4 Ra2 37. Rxf5 Rf2+ 38. Kxe4 Rxg2 39. h4 Ra2 40. Kf4 Kg7 41. Rb5 Ra3 42. e4 Kg6 43. Rb6+ Kh5 44. a6 Ra1 45. Rf6 1-0

[Event "AUT-chT2O 1819"]
[Site "Austria"]
[Date "2018.12.01"]
[Round "5.5"]
[White "Sadilek, Peter"]
[Black "Juhasz, Armin"]
[Result "0-1"]
[WhiteElo "2291"]
[BlackElo "2365"]
[PlyCount "86"]
[EventDate "2018.10.06"]
[EventType "team-tourn"]
[EventRounds "11"]
[EventCountry "AUT"]
[SourceTitle "CBM 187 Extra"]
[Source "ChessBase"]
[SourceDate "2018.11.04"]
[SourceVersion "1"]
[SourceVersionDate "2018.11.04"]
[SourceQuality "1"]
[WhiteTeam "Tschaturanga"]
[BlackTeam "Bad Voeslau"]
[WhiteTeamCountry "AUT"]
[BlackTeamCountry "AUT"]

1. d4 Nf6 2. c4 e6 3. g3 Bb4+ 4. Nc3 0-0 5. Bg2 d6 6. Nf3 Bxc3+ 7. bxc3 Bd7 8. 0-0 Bc6 9. Rb1 Be4 10. Rb2 Nbd7 11. Bg5 h6 12. Bf4 Re8 13. Qc1 e5 14. Be3 Nb6 15. dxe5 dxe5 16. c5 Nc4 17. Rb4 Nxe3 18. Qxe3 Bc6 19. c4 Qe7 20. Nh4 e4 21. Bh3 Rad8 22. Rbb1 Qe5 23. Rfd1 Qh5 24. Qf4 Rxd1+ 25. Rxd1 Qxe2 26. Rd4 e3 27. fxe3 Qe1+ 28. Bf1 Qxe3+ 29. Qxe3 Rxe3 30. Rd8+ Re8 31. Rxe8+ Nxe8 32. Nf5 Nf6 33. Bg2 Bxg2 34. Kxg2 g6 35. Ne7+ Kf8 36. Nc8 a6 37. c6 bxc6 38. Na7 Ke7 39. Nxc6+ Kd6 40. Nd8 Kc5 41. Nxf7 Kxc4 42. Ne5+ Kc3 43. Nc6 Nd5 0-1

[Event "AUT-chT2O 1819"]
[Site "Austria"]
[Date "2018.11.03"]
[Round "3.6"]
[White "Mikes, Jan"]
[Black "Juhasz, Armin"]
[Result "1/2-1/2"]
[WhiteElo "2307"]
[BlackElo "2365"]
[PlyCount "95"]
[EventDate "2018.10.06"]
[EventType "team-tourn"]
[EventRounds "11"]
[EventCountry "AUT"]
[SourceTitle "CBM 187 Extra"]
[Source "ChessBase"]
[SourceDate "2018.11.04"]
[SourceVersion "1"]
[SourceVersionDate "2018.11.04"]
[SourceQuality "1"]
[WhiteTeam "Mistelbach/Altlichtenwarth"]
[BlackTeam "Bad Voeslau"]
[WhiteTeamCountry "AUT"]
[BlackTeamCountry "AUT"]

1. e4 c6 2. d4 d5 3. e5 Bf5 4. h4 h6 5. g4 Bd7 6. Bd3 c5 7. c4 cxd4 8. cxd5 Qa5+ 9. Nd2 Qxd5 10. Be4 Qxe5 11. Ngf3 Qc7 12. Nxd4 Nf6 13. Qe2 Qb6 14. Nc4 Qxd4 15. Bxb7 Bc6 16. Bxa8 Bxa8 17. Rg1 e6 18. Be3 Bb4+ 19. Kf1 Qd7 20. a3 Be7 21. Bf4 Nc6 22. Rd1 Nd5 23. Bg3 0-0 24. g5 h5 25. Qxh5 Bb7 26. b3 Ba6 27. Kg2 Qb7 28. Qf3 Bc5 29. Nd6 Bxd6 30. Bxd6 Rd8 31. Bg3 Nce7 32. Rge1 Nf5 33. Kh2 Rc8 34. g6 Nf6 35. Qxb7 Bxb7 36. gxf7+ Kxf7 37. Rc1 Rxc1 38. Rxc1 Nd5 39. b4 Nd4 40. Rc4 e5 41. b5 Nxb5 42. Bxe5 Nxa3 43. Rg4 Nf6 44. Rf4 Kg6 45. Bxf6 gxf6 46. Rg4+ Kh6 47. Rf4 Kg6 48. Rg4+ 1/2-1/2

[Event "AUT-chT2O 1819"]
[Site "Austria"]
[Date "2018.10.06"]
[Round "1.1"]
[White "Danada, Tomas"]
[Black "Juhasz, Armin"]
[Result "1/2-1/2"]
[WhiteElo "2250"]
[BlackElo "2365"]
[PlyCount "177"]
[EventDate "2018.10.06"]
[EventType "team-tourn"]
[EventRounds "11"]
[EventCountry "AUT"]
[SourceTitle "CBM 186 Extra"]
[Source "ChessBase"]
[SourceDate "2018.08.24"]
[SourceVersion "1"]
[SourceVersionDate "2018.08.24"]
[SourceQuality "1"]
[WhiteTeam "Wiener Amateur CC "]
[BlackTeam "Bad Voeslau"]
[WhiteTeamCountry "AUT"]
[BlackTeamCountry "AUT"]

1. c4 c5 2. Nc3 g6 3. g3 Bg7 4. Bg2 Nc6 5. h4 Nf6 6. Nh3 d6 7. Nf4 h5 8. a3 0-0 9. Rb1 a5 10. 0-0 Bg4 11. b3 Rb8 12. Bb2 Nd4 13. Ba1 b5 14. Nxb5 Nxb5 15. cxb5 Rxb5 16. Qc2 Rb8 17. Bxf6 Bxf6 18. Nxg6 fxg6 19. Qxg6+ Bg7 20. Bd5+ e6 21. Bxe6+ Bxe6 22. Qxe6+ Kh8 23. Qg6 Qe8 24. Qxd6 Qxe2 25. Qxc5 Rbd8 26. Rbe1 Qf3 27. Qxa5 Rd5 28. Qb4 Bd4 29. Kh2 Bxf2 30. Qc3+ Qxc3 31. dxc3 Rd3 32. Re2 Bxg3+ 33. Kg2 Rxf1 34. Kxf1 Rxc3 35. Re7 Rxb3 36. a4 Ra3 37. Kg2 Bxh4 38. Re5 Rxa4 39. Rxh5+ Kg7 40. Kf3 Kf6 41. Rb5 Be1 42. Rb6+ Ke5 43. Rb5+ Kd4 44. Rb7 Bb4 45. Rd7+ Ke5 46. Rh7 Ra3+ 47. Kg4 Ke4 48. Rh6 Ra1 49. Re6+ Kd5 50. Re3 Bc5 51. Re8 Rg1+ 52. Kf3 Rf1+ 53. Kg4 Bd4 54. Re2 Rf8 55. Re1 Be5 56. Rd1+ Ke6 57. Rh1 Rf4+ 58. Kg5 Rf2 59. Rh6+ Kd5 60. Rh1 Bc3 61. Rh7 Ke4 62. Kg6 Bd4 63. Rh4+ Ke5 64. Rh1 Rg2+ 65. Kf7 Kd6 66. Rd1 Rg7+ 67. Kf8 Rg4 68. Kf7 Rf4+ 69. Kg6 Ke6 70. Kg5 Re4 71. Kg6 Bf2 72. Rd2 Rg4+ 73. Kh5 Rg2 74. Ra2 Kf5 75. Ra5+ Ke4 76. Rg5 Rh2+ 77. Kg6 Be3 78. Rh5 Rg2+ 79. Kf6 Bd4+ 80. Kf7 Rg7+ 81. Ke6 Rg6+ 82. Kf7 Rf6+ 83. Ke7 Ra6 84. Rh4+ Kd5 85. Rh5+ Be5 86. Kf7 Rf6+ 87. Ke7 Rg6 88. Rh7 Ra6 89. Kf7 1/2-1/2

[Event "HUN-chT2 Maroczy 1819"]
[Site "Hungary"]
[Date "2018.09.23"]
[Round "1.2"]
[White "Torok, Sandor"]
[Black "Juhasz, Armin"]
[Result "1/2-1/2"]
[WhiteElo "2276"]
[BlackElo "2366"]
[PlyCount "92"]
[EventDate "2018.09.23"]
[EventType "team-tourn"]
[EventRounds "11"]
[EventCountry "HUN"]
[SourceTitle "EXT 2020"]
[Source "ChessBase"]
[SourceDate "2019.10.17"]
[SourceVersion "1"]
[SourceVersionDate "2019.10.17"]
[SourceQuality "1"]
[WhiteTeam "Budapest Vasas"]
[BlackTeam "Budapest MTK"]
[WhiteTeamCountry "HUN"]
[BlackTeamCountry "HUN"]

1. e4 c6 2. d4 d5 3. Nd2 dxe4 4. Nxe4 Bf5 5. Nc5 b6 6. Nb3 e6 7. Nf3 Bd6 8. g3 h6 9. Bg2 Ne7 10. 0-0 0-0 11. c4 Nd7 12. Qe2 Rc8 13. Rd1 Qc7 14. c5 bxc5 15. dxc5 Nxc5 16. Bf4 Nd5 17. Nxc5 Nxf4 18. gxf4 Bxc5 19. Ne5 Bd6 20. Nxc6 Bxf4 21. h4 Bh3 22. Bxh3 Qxc6 23. Rd4 e5 24. Rd7 Rc7 25. Rad1 Rxd7 26. Rxd7 Qg6+ 27. Bg2 Qb1+ 28. Qd1 Qxb2 29. Bd5 Qb6 30. Qh5 g6 31. Qe2 h5 32. Qc4 Qf6 33. Rxa7 Bg3 34. Rxf7 Bxf2+ 35. Kg2 Rxf7 36. Bxf7+ Kg7 37. Bxg6 Bxh4 38. Bxh5 Qf2+ 39. Kh1 Qe1+ 40. Kg2 Qg3+ 41. Kh1 Qh3+ 42. Kg1 Qe3+ 43. Kg2 Qf2+ 44. Kh1 e4 45. Qxe4 Qe1+ 46. Qxe1 Bxe1 1/2-1/2

[Event "Split op 8th"]
[Site "Split"]
[Date "2018.08.15"]
[Round "5"]
[White "Krnic, Ivan"]
[Black "Juhasz, Armin"]
[Result "0-1"]
[WhiteElo "2126"]
[BlackElo "2358"]
[PlyCount "103"]
[EventDate "2018.08.12"]
[EventType "swiss"]
[EventRounds "9"]
[EventCountry "CRO"]
[SourceTitle "CBM 186 Extra"]
[Source "ChessBase"]
[SourceDate "2018.08.24"]
[SourceVersion "1"]
[SourceVersionDate "2018.08.24"]
[SourceQuality "1"]

1. e4 c6 2. Bc4 d5 3. Bb3 dxe4 4. f3 e5 5. Nc3 Bc5 6. fxe4 Nf6 7. Nf3 0-0 8. d3 Nbd7 9. Bg5 b5 10. Qd2 a5 11. a4 b4 12. Nd1 Be7 13. 0-0 Ba6 14. Bxf6 Bxf6 15. Ne3 Nc5 16. Bc4 Bc8 17. Qf2 b3 18. Nf5 Bxf5 19. Qxc5 bxc2 20. Nxe5 Bxe5 21. Qxe5 Bg4 22. Qc3 Bd1 23. Rf2 Rb8 24. Rc1 Qg5 25. Ra1 Qe3 26. b3 c5 27. Qd2 Qd4 28. Rc1 Rb4 29. g3 g6 30. Qg5 Kg7 31. Qe7 Rxc4 32. bxc4 Qe3 33. Qf6+ Kg8 34. Qf4 Qxd3 35. e5 Qd7 36. Rd2 Qxa4 37. h4 Qa3 38. Rf2 Qc3 39. h5 Qd4 40. h6 Qxf4 41. gxf4 Ra8 42. Rcxc2 Bxc2 43. Rxc2 a4 44. Kf2 Kf8 45. Ke3 Ke7 46. Ke4 Rd8 47. Ke3 a3 48. Ra2 Ra8 49. Kd3 Ke6 50. Ke4 Ra4 51. Kd3 Kf5 52. Kc3 0-1

[Event "Split op 8th"]
[Site "Split"]
[Date "2018.08.14"]
[Round "4"]
[White "Juhasz, Armin"]
[Black "Suta, Andraz"]
[Result "1/2-1/2"]
[WhiteElo "2358"]
[BlackElo "2168"]
[PlyCount "47"]
[EventDate "2018.08.12"]
[EventType "swiss"]
[EventRounds "9"]
[EventCountry "CRO"]
[SourceTitle "CBM 186 Extra"]
[Source "ChessBase"]
[SourceDate "2018.08.24"]
[SourceVersion "1"]
[SourceVersionDate "2018.08.24"]
[SourceQuality "1"]

1. c4 c5 2. Nf3 b6 3. Nc3 e6 4. d4 cxd4 5. Nxd4 d6 6. e4 a6 7. Be2 Bb7 8. 0-0 Nd7 9. Be3 Ngf6 10. f3 Rc8 11. a4 Be7 12. a5 bxa5 13. Nb3 0-0 14. Nxa5 Ba8 15. Qe1 Qc7 16. Qf2 Rb8 17. Rfb1 d5 18. cxd5 exd5 19. Rc1 Qd6 20. exd5 Nxd5 21. Nxd5 Bxd5 22. Bc4 Bxc4 23. Nxc4 Qe6 24. Rc2 1/2-1/2

[Event "Split op 8th"]
[Site "Split"]
[Date "2018.08.13"]
[Round "3"]
[White "Cotic, Borna"]
[Black "Juhasz, Armin"]
[Result "1/2-1/2"]
[WhiteElo "2114"]
[BlackElo "2358"]
[PlyCount "104"]
[EventDate "2018.08.12"]
[EventType "swiss"]
[EventRounds "9"]
[EventCountry "CRO"]
[SourceTitle "CBM 186 Extra"]
[Source "ChessBase"]
[SourceDate "2018.08.24"]
[SourceVersion "1"]
[SourceVersionDate "2018.08.24"]
[SourceQuality "1"]

1. e4 c6 2. d4 d5 3. Nc3 dxe4 4. Nxe4 Bf5 5. Ng3 Bg6 6. h4 h6 7. Nf3 Nf6 8. h5 Bh7 9. Bd3 Bxd3 10. Qxd3 e6 11. Bd2 c5 12. 0-0-0 Nc6 13. Bc3 Qd5 14. dxc5 Qxd3 15. Rxd3 Bxc5 16. Bxf6 gxf6 17. Ne4 Be7 18. c3 Rg8 19. g3 Rg4 20. Re1 Rd8 21. Rxd8+ Kxd8 22. Ned2 f5 23. Kc2 Bc5 24. Re2 b5 25. Nf1 Kc7 26. Ne3 Ra4 27. a3 Bxe3 28. Rxe3 f4 29. Rd3 fxg3 30. fxg3 Rg4 31. Nh2 Rg5 32. g4 f5 33. gxf5 Rxh5 34. Ng4 exf5 35. Nf6 Rh2+ 36. Kc1 a6 37. Rd7+ Kb6 38. b4 Ne5 39. Rd5 Nc4 40. Rxf5 Nxa3 41. Rc5 Rh1+ 42. Kd2 Nc4+ 43. Kd3 Rd1+ 44. Ke4 Rd6 45. Nd5+ Kb7 46. Rc7+ Kb8 47. Rh7 Nb6 48. Rh8+ Kb7 49. Ne3 Rc6 50. Rh7+ Kb8 51. Kd4 Na8 52. Nf5 Nc7 1/2-1/2

[Event "Villorba Vergani Cup 2nd"]
[Site "Villorba"]
[Date "2018.01.05"]
[Round "5"]
[White "Juhasz, Armin"]
[Black "Omeri, Silvan"]
[Result "0-1"]
[WhiteElo "2372"]
[BlackElo "2221"]
[PlyCount "64"]
[EventDate "2018.01.02"]
[EventType "swiss"]
[EventRounds "9"]
[EventCountry "ITA"]
[SourceTitle "CBM 182 Extra"]
[Source "ChessBase"]
[SourceDate "2018.02.23"]
[SourceVersion "1"]
[SourceVersionDate "2018.02.23"]
[SourceQuality "1"]

1. Nf3 Nf6 2. c4 e6 3. g3 Be7 4. Bg2 d5 5. d4 0-0 6. Qc2 Ne4 7. 0-0 c6 8. b3 Nd7 9. Ba3 Nd6 10. Nbd2 Qa5 11. Bb2 f5 12. a3 Ne4 13. b4 Qd8 14. b5 a5 15. a4 Ndf6 16. Ne5 Bd7 17. Ndf3 cxb5 18. axb5 Be8 19. Qa4 g5 20. Bc1 Nc3 21. Qc2 Nfe4 22. Bb2 Bb4 23. Ba3 g4 24. Nh4 dxc4 25. Bxe4 fxe4 26. b6 Rc8 27. Bb2 Qxd4 28. Nxg4 e3 29. f3 Qd2 30. Bxc3 Bxc3 31. Qe4 Qd5 32. Qc2 Bg7 0-1

[Event "Zadar op-A 24th"]
[Site "Zadar"]
[Date "2017.12.16"]
[Round "9"]
[White "Juhasz, Armin"]
[Black "Muha, Miljenko"]
[Result "0-1"]
[WhiteElo "2359"]
[BlackElo "2303"]
[PlyCount "104"]
[EventDate "2017.12.09"]
[EventType "swiss"]
[EventRounds "9"]
[EventCountry "CRO"]
[SourceTitle "CBM 182 Extra"]
[Source "ChessBase"]
[SourceDate "2018.02.23"]
[SourceVersion "1"]
[SourceVersionDate "2018.02.23"]
[SourceQuality "1"]

1. Nf3 d5 2. g3 Bg4 3. Bg2 c6 4. 0-0 Nd7 5. d4 e6 6. Nbd2 f5 7. c4 Bd6 8. Qb3 Rb8 9. Qe3 Qe7 10. Ng5 Nf8 11. c5 Bc7 12. Ndf3 h6 13. Nh3 Bxh3 14. Bxh3 Nf6 15. b4 g5 16. Bg2 Ng6 17. Rb1 a6 18. a4 g4 19. Ne1 h5 20. b5 axb5 21. axb5 h4 22. b6 Bd8 23. Nd3 hxg3 24. hxg3 Ne4 25. f3 Nxg3 26. Ne5 Nxf1 27. Kxf1 f4 28. Nxg6 fxe3 29. Nxe7 gxf3 30. Bxf3 Bxe7 31. Bxe3 Kd7 32. Ra1 Ra8 33. Rxa8 Rxa8 34. Bf2 Bg5 35. e3 Ra3 36. Ke2 Ra2+ 37. Ke1 Ke7 38. Bg4 Kf6 39. Kf1 Ra8 40. Ke2 e5 41. Bg3 exd4 42. exd4 Re8+ 43. Be5+ Kg6 44. Kd3 Ra8 45. Bd7 Bf6 46. Bf4 Ra3+ 47. Kc2 Bxd4 48. Bxc6 bxc6 49. b7 Rc3+ 50. Kd2 Be3+ 51. Bxe3 Rb3 52. Kc2 Rxb7 0-1

[Event "Zadar op-A 24th"]
[Site "Zadar"]
[Date "2017.12.12"]
[Round "5"]
[White "Malakhatko, Vadim"]
[Black "Juhasz, Armin"]
[Result "1/2-1/2"]
[WhiteElo "2542"]
[BlackElo "2359"]
[PlyCount "119"]
[EventDate "2017.12.09"]
[EventType "swiss"]
[EventRounds "9"]
[EventCountry "CRO"]
[SourceTitle "CBM 182 Extra"]
[Source "ChessBase"]
[SourceDate "2018.02.23"]
[SourceVersion "1"]
[SourceVersionDate "2018.02.23"]
[SourceQuality "1"]

1. c4 e6 2. g3 d5 3. Bg2 Nf6 4. Nf3 dxc4 5. Qa4+ Bd7 6. Qxc4 c5 7. Ne5 Qc8 8. Qd3 Nc6 9. Nxd7 Nxd7 10. Qb5 Nd4 11. Qa4 Be7 12. Nc3 0-0 13. 0-0 b5 14. Qd1 b4 15. Na4 Qa6 16. Bxa8 Nxe2+ 17. Kg2 Rxa8 18. d3 Nd4 19. Be3 Qc6+ 20. f3 Qd5 21. a3 Rd8 22. axb4 cxb4 23. Bxd4 Qxd4 24. Qe2 Nf6 25. Qf2 Qd7 26. Nc5 Qb5 27. Ne4 a5 28. Qa7 Nd5 29. Rxa5 Qxd3 30. Rxd5 exd5 31. Qxe7 dxe4 32. fxe4 f6 33. Qxb4 Rd4 34. Qb8+ Rd8 35. Qb7 Qe3 36. Rf2 Rd4 37. b4 Qxe4+ 38. Qxe4 Rxe4 39. Rb2 Re6 40. b5 Rb6 41. Kf3 Kf7 42. Ke4 Ke6 43. Kd4 Kd6 44. Kc4 f5 45. Ra2 Rb7 46. Rd2+ Kc7 47. Kc5 Kc8 48. Re2 Rf7 49. Kb6 g5 50. Ka6 f4 51. gxf4 gxf4 52. b6 f3 53. Re8+ Kd7 54. Re1 f2 55. Rf1 Kc8 56. Kb5 Kb7 57. Kc5 Rf5+ 58. Kd4 Kxb6 59. Ke3 Kc6 60. Rxf2 1/2-1/2